000 00798nam a2200301Ia 4500
001 15734
005 20240113235640.0
007 ta
008 051210s1899 a g b000 u 465 u
040 _aCotton College,Assam
041 _a465
082 _a516.8
_bH 18 El
100 _aHamilton, William Rowan .
245 0 _aElements of Quaternions /
_cWilliam Rowan Hamilton.
_hTextual Documents
250 _a2nd ed. /
260 _aLondon :
_bLongmans, Green & Co. ,
_c1899.
300 _a2vol. vi,583p. :
_bill ;
_c26cm .
500 _aVol.I to Vol.II
504 _aIndex
653 _aQuaternions
653 _aG-Mathematics
700 _aJoly, Charles Jasper .
942 _2ddc
_cBK
999 _c15720
_d15720